[Event "Aerosvit 2007"]
[Site "Foros RUS"]
[Date "2007.06.28"]
[Round "10"]
[White "GM Svidler, Peter(RUS)"]
[Black "GM Jakovenko, Dmitry(RUS)"]
[Result "1-0"]
[WhiteElo "2736"]
[BlackElo "2708"]
[Annotator "Ëåáåäåâ Âàñèëèé"]
[PlyCount "93"]
[EventDate "2007.??.??"]

{Ñþæåò ìîåé ñàìîé ëþáèìîé ñêàçêè òàêîé: ñèäåë äîáðûé ìîëîäåö ñèäíåì òðèäöàòü
ëåò è òðè ãîäà, ïîòîì âñòàë è âñåì «ðàçäàë ëþëåé». Ïðèìåðíî ïî òàêîìó
ñöåíàðèþ è ñêëàäûâàåòñÿ òóðíèðíàÿ ñóäüáà Ïåòðà Ñâèäëåðà â Ôîðîñå.} 1. e4 c5 2.
Nf3 Nc6 3. Bb5 {Èñïûòàííîå îðóæèå ïåòåðáóðæöà. Ñûãðàë îíè çà ñâîþ êàðüåðû
ðîâí¸õîíêüî 50 ïàðòèé (äî äàííîãî ïîåäèíêà)} d6 ({
Ïðàâäà, ïîñëåäíèé îïûò áûë íåóäà÷íûì:} 3... e6 4. c3 Nge7 5. d4 cxd4 6. cxd4
d5 7. Nc3 Bd7 8. O-O dxe4 9. Nxe4 Nd5 10. Bg5 Qb6 11. Bc4 f6 12. Bd2 Be7 13.
Re1 Rd8 14. Nc3 Bc8 15. Na4 Qc7 16. Rc1 O-O 17. h3 Rfe8 18. Qb3 Bf8 19. Nc3 Qf7
20. Ne4 Nb6 21. Bb5 Bd7 22. Nc5 Bxc5 23. dxc5 Nd5 24. Bc4 Bc8 25. Red1 e5 26.
Qa4 Be6 27. b4 a6 28. a3 Nf4 29. Bxe6 Nxe6 30. Be3 f5 31. Ng5 Nxg5 32. Bxg5
Rxd1+ 33. Rxd1 f4 34. f3 Qh5 35. Qb3+ Kh8 36. Rd7 Qxg5 37. Rxb7 Nd4 38. Qf7 Rd8
39. Rd7 Rg8 40. Qd5 Qg3 41. Rd8 Nxf3+ 42. Qxf3 Rxd8 {
(0-1 Svidler,P (2742) - Radjabov,T (2728)/Rishon Le Ziyyon 2006).}) ({
Ìîæíî âñïîìíèòü è ñëåäóþùóþ âñòðå÷ó:} 3... g6 4. Bxc6 dxc6 5. d3 Bg7 6. h3
Nf6 7. Nc3 Nd7 8. Be3 e5 9. O-O Qe7 10. Qd2 h6 11. Nh2 Nf8 12. Ne2 Ne6 13. a3
Nd4 14. b4 Be6 15. bxc5 Qxc5 16. Bxd4 exd4 17. Qb4 b6 18. Nf3 O-O-O 19. Qxc5
bxc5 20. Nf4 Bd7 21. e5 Rhe8 22. Rfe1 g5 23. e6 fxe6 24. Nh5 Bh8 25. Ne5 Kc7
26. Ng3 Bxe5 27. Rxe5 Kd6 28. Re2 c4 29. dxc4 e5 30. Rae1 Re7 31. f3 c5 32. Rb1
Kc6 33. Rb5 a6 34. Rb3 Ree8 35. Re1 Rb8 36. Rxb8 Rxb8 37. Rxe5 Re8 38. Rxe8
Bxe8 39. Ne4 Bf7 40. Nd2 Bg6 41. Ne4 Bf7 42. Nd2 Kb6 43. Kf2 Ka5 44. Nb3+ Ka4
45. Nxc5+ Kxa3 46. Nxa6 Bxc4 47. Nc5 Kb2 48. f4 Kxc2 49. fxg5 hxg5 50. Kf3 Kc3
51. Ne4+ Kc2 52. Nc5 Bd5+ 53. Kg4 Kc3 54. Kxg5 Bc6 55. Kf4 Kc4 56. Ne6 d3 57.
Ke3 Kc3 58. Nf4 d2 {(1/2 Svidler,P (2733)-Kasparov,G (2817)/Moscow 2004).}) 4.
O-O Bd7 5. Re1 Nf6 6. c3 a6 7. Bf1 Bg4 8. d3 e6 9. Nbd2 d5 10. exd5 Qxd5 11. h3
Bh5 ({Ïîñëå} 11... Bxf3 {ìàñòåð ýíäøïèëÿ ïîêàçàë ñåáÿ âî âñåé êðàñå:} 12. Nxf3
Be7 13. Be3 O-O 14. d4 cxd4 15. Nxd4 Rfd8 16. g3 Nxd4 17. Bxd4 Bc5 18. Re5 Qxe5
19. Bxe5 Rxd1 20. Rxd1 Ne4 21. Kg2 f6 22. Bd4 Rd8 23. Bc4 Kf7 24. Re1 Bxd4 25.
Rxe4 Be5 26. f4 Rd2+ 27. Kf3 Bc7 28. Bxe6+ Kf8 29. Rc4 Bd6 30. b4 Ke7 31. Bg8
Rd3+ 32. Kf2 h5 33. a4 b5 34. Re4+ Kf8 35. Bh7 Rxc3 36. Bg6 Be7 37. a5 h4 38.
gxh4 Rc4 39. Re6 Rxf4+ 40. Kg2 Rxb4 41. Rxa6 Rd4 42. Ra7 Bd6 43. a6 Ra4 44.
Rf7+ Ke8 45. Rb7+ Kd8 46. a7 Kc8 47. Rxg7 Bc7 48. Bf5+ Kb7 49. a8=Q+ {
(1-0 Malakhov,V (2691) - Novikov,S (2545)/Sochi 2006).}) 12. g4 Bg6 13. Nc4 Qd8
14. Bg2 $1 $146 {Âîò êàê îíî áûâàåò: èãðàþò äàæå õîðîøèå øàõìàòèñòû, èãðàþò,
äåëàþò îáû÷íûå, åñòåñòâåííûå õîäû... À ïîñìîòðèò áîëüøîé ìàñòåð íà ïîçèöèþ,
êîòîðóþ îíè ïðîñêî÷èëè íà âñåõ ïàðàõ, ïîñìîòðèò è ñðàçó ïîäìå÷àåò íþàíñ,
ïåðåâîðà÷èâàþùèé âñ¸ ñ íîã íà ãîëîâó.} ({
À âîò êàê èãðàëè äî ýòîãî â ýòîé ïîçèöèè äðóãèå õîðîøèå øàõìàòèñòû:} 14. Nfe5
Nxe5 15. Nxe5 Bd6 16. Bg2 Bxe5 (16... Qc7 $5 17. Bf4 $140 Nd7) 17. Rxe5 Nd7 18.
Re1 Qc8 (18... Qc7 $5 19. Qf3 $140 O-O-O) 19. Qf3 Ra7 20. d4 O-O 21. Be3 b6 22.
Rad1 Nf6 23. dxc5 bxc5 24. Qf4 $16 {
, è áåëûå óâåðåííî ðåàëèçîâàëè ñâîé ïåðåâåñ:} Rc7 25. Qc4 h5 26. gxh5 Bxh5 27.
Rd6 a5 28. Ra6 Nd7 29. Bf4 Rb7 30. Rc6 Qd8 31. b3 Rb6 32. Bc7 Qg5 33. Rxb6 Bf3
34. Qf1 Rc8 35. Rd6 Rxc7 36. Re3 Bb7 37. Rg3 Qe7 38. Qd3 Bxg2 39. Kxg2 g6 40.
Qd1 Kg7 41. Ra6 Nf6 42. Rxa5 Rd7 43. Qe1 Rd5 44. c4 Rf5 45. b4 Qb7+ 46. f3 cxb4
47. Rxf5 exf5 48. Qe5 Qa6 49. c5 Qxa2+ 50. Kg1 b3 51. Rg2 Qb1+ 52. Kh2 Qc1 53.
Qd4 Qe1 54. Rb2 Qc1 55. h4 f4 56. Qe5 Qf1 57. Qc3 Qb5 58. h5 Qc6 59. Rd2 Kh6
60. hxg6 fxg6 61. Kg2 Nh7 62. Qe5 Qa4 63. Qd4 Qe8 64. Qxf4+ Kg7 {
(1/2 Glek,I (2605)-Jaracz,P (2506)/Lido Estensi 2002).}) 14... Qc7 {
Òÿæåëî èãðàòü, êîãäà íà äîñêå ðàçðûâàåòñÿ äåáþòíàÿ áîìáà ïðîòèâíèêà.} ({
Ïîïðîáóåì ïðîÿâèòü â àíàëèçå «õðàáðîñòü» -} 14... Bxd3 15. Nce5 Be4 $1 ({
çíà÷èòåëüíî ñëàáåå} 15... Bg6 16. Qa4 $1 {è äàëåå, íàïðèìåð,} Qc7 17. Nxc6
Qxc6 (17... b5 18. Qd1 Qxc6 19. Ne5 $18) (17... bxc6 18. Ne5 $18) 18. Qxc6+
bxc6 19. Ne5 $16) ({È ñîâñåì ïëîõî} 15... Bb5 16. c4 Qxd1 ({èëè} 16... Nxe5 17.
Nxe5 Qxd1 18. Rxd1 Bd7 19. Bxb7 $16) 17. Rxd1 Ba4 (17... Nxe5 18. Nxe5 Bd7 19.
Bxb7 Ra7 20. Bf3 $16) 18. b3 Nxe5 19. Nxe5 Nd7 20. Nxf7 $1 Kxf7 21. bxa4 $18 {
- äâà ñëîíà, êó÷à ñëàáîñòåé ó ïðîòèâíèêà....}) 16. Qxd8+ $1 Nxd8 ({ïðîäîëæåíèå
} 16... Rxd8 $6 {ïîñëå} 17. Nxf7 $1 Kxf7 18. Ng5+ Ke8 19. Nxe4 Nxe4 20. Bxe4 {
âåä¸ò ê ïîëîæåíèþ ñ ïåðåâåñîì ó áåëûõ. Ïåðåâåñ ýòîò (ÈÌÕÎ) áîëüøå, ÷åì «+/
=», íî ìåíüøå, ÷åì «+/-»}) (16... Kxd8 $4 17. Nxf7+) 17. g5 $1 Bxf3 (17...
Nd7 18. Rxe4) 18. Bxf3 Nd7 19. Nc4 $44 {Åñëè âñ¸ ýòî ïðàâèëüíî, òî ñîãëàñèòåñü,
ìû âèäèì âåñüìà ïðèâëåêàòåëüíûé (äëÿ áåëûõ) èòîã äåáþòíîãî ñðàæåíèÿ!} (19.
Nxd7 $5 Kxd7 20. Bf4) {Íàïðèìåð, âîò ê ÷åìó âåä¸ò ïîïûòêà çàêîí÷èòü ðàçâèòèå:
} 19... Be7 20. Bf4 O-O $4 21. Rad1 $18 {, èáî òåðÿåòñÿ ôèãóðà! Òî åñòü} Nb8
22. Nb6) ({Íó, è ñîâñåì ïëîõî} 14... Qxd3 15. Qb3 $1 Rd8 (15... Be7 16. Qxb7
O-O 17. Nfe5) (15... Ra7 16. Nfe5 Nxe5 17. Nxe5 Qb5 18. Qd1 $1 Be7 19. g5 $18)
16. Nfe5 Nxe5 17. Nxe5 Qb5 18. Bxb7 Rd6 (18... Qxb3 19. Bc6+ Ke7 20. axb3) 19.
Qxb5+ axb5 20. Bf4 $18) 15. Nfe5 $1 $16 Nxe5 {Îòíîñèòåëüíî ëó÷øåå.} (15... O-O-O 16. Bxc6 $1
bxc6 17. Bf4 $1 $18 {È «ëó÷øèì» ñî ñòîðîíû ÷¸ðíûõ çäåñü ÿâëÿåòñÿ} Nd5 (
17... Qb7 18. Na5) 18. Nxg6 ({ñïîêîéíåå} 18. Bg3) 18... Nxf4 {
Òåïåðü æå îò áåëûõ òðåáóåòñÿ èçâåñòíàÿ òî÷íîñòü:} 19. Nxh8 Nxh3+ 20. Kf1 $1 ({
äîïóñêàòü} 20. Kg2 Nf4+ 21. Kf1 Rxd3 {íå õî÷åòñÿ}) 20... Qf4 21. Kg2 $1 Ng5
22. Ne5 Bd6 23. Nhxf7 Nxf7 24. Re4 $1 Qf6 25. Nxf7 Qxf7 26. Qa4 $1 ({
êîíå÷íî, è} 26. Qf3 {èìååò âñå ïðàâà ãðàæäàíñòâà}) 26... Kb7 27. Qb3+ Kc7 28.
Qxe6 $18) ({À åñëè} 15... Bd6 {
, òî áåëûå îñòàâëÿþò êîðîëÿ ïðîòèâíèêà â öåíòðå ñëåäóþùèì îáðàçîì:} 16.
Bxc6+ $1 bxc6 17. Bf4 $1 Bxe5 18. Bxe5 Qd8 19. Bd6 $16 {
, è, äóìàåòñÿ, ÷òî ñóùåñòâóåò ñïîñîá äîáðàòüñÿ äî åãî ÷¸ðíîãî âåëè÷åñòâà.})
16. Bf4 {Ïîâÿçàëè...} Rd8 ({Åñëè} 16... Bd6 {, òî} 17. Nxd6+ Qxd6 18. Bxe5 (18.
d4 $5) 18... Qb6 19. Qa4+ Nd7 20. Rad1 $16) 17. Bxe5 Qd7 18. d4 $1 {
Êðàñèâàÿ è ìîùíàÿ èãðà Ïåòðà Ñâèäëåðà  ïî öåíòðó ïðîèçâîäèò âïå÷àòëåíèå.} cxd4
({Åñëè} 18... Qb5 {, òî} 19. Qe2 cxd4 20. Bxd4 Be7 21. a4 Qd7 22. h4 $1 {
, ïåðåõîäÿ â íàñòóïëåíèå ïî âñåìó ôðîíòó.}) 19. Qxd4 (19. Bxd4 $5) 19... Qb5 (
19... Qxd4 20. Bxd4 Nd5 (20... b5 21. Bc6+ Nd7 22. Nb6) 21. Ne5 $16) 20. Nd6+ (
{Îòíþäü íå òî÷íåå áûëî} 20. Qf4 Nd5 21. Bxd5 Rxd5 {èáî íà} 22. Rad1 {åñòü} h5
$1) 20... Bxd6 21. Bxd6 Qd3 {
Âèäèìî, îøèáêà â òîì ñìûñëå, ÷òî íå ñàìîå óïîðíîå.} ({Åñëè} 21... h5 $5 {
ñ ïîïûòêîé ââåñòè â áîé ëàäüþ, òî} 22. g5 $1 Qxg5 23. Re5 Bf5 ({
èíà÷å ñîâñåì ìðàê:} 23... Qh6 24. Bxb7) 24. Rd1 Rh6 25. f4 Qg6 26. Kh1 Rd7 27.
Qc4 Rd8 (27... Kd8 28. Bxb7 $1) 28. Re3 $18) 22. Rad1 ({
Õî÷åòñÿ äàòü øàõ, è ÷åãî íå ïîçâîëèøü ñåáå â àíàëèçå! Äàäèì øàõ -} 22. Qa4+
b5 23. Bc6+ Nd7 24. Qa3 $1 Qxh3 25. Rad1 $3 Qxg4+ 26. Bg3 $18 h5 {
(÷òîáû «äîñòîéíî», â àòàêå çàêîí÷èòü èãðó)} 27. Rxd7 $1 {Òàê ÷òî, ìîæåò
áûòü, ÷òî õîä áåëûõ â ïàðòèè - âñåãî ëèøü îäèí èç ñïîñîáîâ äîñòèæåíèÿ ïîáåäû.}
) 22... Qxd4 ({Íåëüçÿ} 22... Qb5 23. c4 Qd7 24. Qb6 Bc2 25. Rd4 $18 {- óæàñ!})
23. Rxd4 Rd7 {Ïåøêó íà b7 òåðÿòü «íå õî÷åòñÿ»...} 24. Red1 (24. f4 $144 $5
Kd8 25. Red1 Kc8 26. Rc4+ Kd8 27. Bc7+ Ke7 28. Rxd7+ Nxd7 29. Bxb7 $18) 24...
Nd5 25. Ba3 $1 b5 ({Îöåíêà ïîçèöèè ïîñëå} 25... Kd8 26. c4 Nf6 27. Rxd7+ Nxd7
28. Bxb7 {òðóäíîñòåé íå âûçûâàåò.}) 26. b3 {Ïîäðûâ ñ3-ñ4 íåèçáåæåí.} Kd8 27. c4
Nf6 28. Rxd7+ Nxd7 29. cxb5 ({Íåïëîõî è} 29. Bc6 Kc7 30. cxb5 ({
òîëüêî òóò, ðàçóìååòñÿ, íå} 30. Bxd7 $2 Rd8 $1) 30... Nb8 (30... axb5 31. Bxb5
$18) 31. Bf3 axb5 32. Bd6+ Kb6 33. Rc1 {
, è êàê áû ÷¸ðíûå êîðîëü ìàò òóò íå ñõëîïîòàë! Íàïðèìåð,} h5 ({
«ëó÷øå» (õà!)} 33... Na6 34. Rc6+ Ka7 35. a3 $1 b4 36. Bf4 $1 bxa3 $140 37.
Be3+ Kb7 38. Rxe6+) 34. Rc7 $1 hxg4 35. Rb7+ Ka6 36. Bc5 b4 37. a4 $1 bxa3 38.
Rb6+ Ka5 39. b4+ Ka4 40. Bd1+ Bc2 41. Bxc2# $1) ({
Åñòü è åù¸ îäèí ïóòü ê ïîáåäå -} 29. Rd6 bxc4 30. Rxa6 Nb8 31. Ra8 Kc7 32. Ra7+
Kc8 33. Bd6 $1 $18) 29... axb5 30. Bb4 $1 f6 {
×¸ðíûå ïîäêëþ÷àþò ê çàùèòå ñëîíà. Íó-íó...} (30... h5 31. Bc6 Kc7 32. Bxd7
Rd8 33. Ba5+) 31. Bc6 (31. Rd6 $5) 31... Be8 32. Bxb5 h5 33. a4 {
Ïðîòèâîïîñòàâèòü äâèæåíèþ ýòîé ïåøêè ÷¸ðíûå ìîãóò òîëüêî ñâî¸ óïðÿìñòâî.}
hxg4 34. hxg4 Rh3 (34... Rh4 35. f3 Rh3 36. Kg2 {è ò.ä.}) 35. Bc4 ({
Ïàðîâîçèê èç Ðîìàøêîâî ìîã, ïî ðûáíîìó ìíåíèþ, è íå çàìåòèòü ïîòåðè áîéöà:} 
35. a5 Rxb3 $140 36. a6 $1 Rxb4 37. a7 Rxb5 38. a8=Q+ Ke7 {- îäíàêî òóò íàøåìó
âçîðó ÿâëÿåòñÿ íåêàÿ ðàçíîâèäíîñòü êðåïîñòè. È äàæå íå áóäó ;) ñïðàøèâàòü
ìíåíèÿ MS ïî ýòîìó ïîâîäó.}) 35... f5 36. a5 Kc7 37. Bxe6 {×åëîâå÷åñêàÿ
ðåàëèçàöèÿ, â ðåçóëüòàòå êîòîðîé ÷¸ðíûå ðàçî÷åê äàæå ìàòîì ïðèãðîçÿò!} ({
Ìàøèíêà ïðåäïî÷èòàåò} 37. Rc1 $1 Kb7 $140 38. Bd6 Nb8 39. Bf1 Rxb3 40. Rc7+
Ka8 41. Bg2+ Bc6 42. Bc5 $1 $18 {
è çäåñü â äåëî âìåøèâàåòñÿ ëåíòÿé-îáîçðåâàòåëü:} Bxg2 $4 43. Ra7# $1 {;)})
37... Nf6 38. g5 Bc6 39. Bd6+ Kb7 {Îé! Êàê ïàðèðîâàòü ìàò?} 40. f3 Ne8 41. Be5
Nc7 42. Bd7 Bxf3 (42... Bxd7 $4 43. Rxd7 $18 {, âûèãðûâàÿ êîíÿ}) ({
Íî ìîæíî áûëî áëàãîðîäíî çàâåðøèòü áîðüáó æåðòâîé} 42... Rh1+ $1 43. Kxh1 Bxf3+
44. Kg1 Bxd1 45. b4 g6 46. Kf2 {è ò.ä.}) 43. Rd6 {Åù¸ îäíî, ïîñëåäíåå óñèëèå...
} Na6 44. Rb6+ Ka7 45. Bxf5 Rh4 46. Kf2 Bb7 47. Kg3 ({
È, êàê áû, âñëåäñòâèå âàðèàíòà} 47. Kg3 Rb4 48. Bxg7 Rxb6 49. Bd4 {
÷¸ðíûå ñäàëèñü.}) 1-0

[Event "Aerosvit 2007"]
[Site "Foros RUS"]
[Date "2007.06.28"]
[Round "10"]
[White "GM Van Wely, Loek(NED)"]
[Black "GM Rublevsky, Sergei(RUS)"]
[Result "1/2-1/2"]
[WhiteElo "2674"]
[BlackElo "2680"]
[Annotator "Ëåáåäåâ Âàñèëèé"]
[PlyCount "87"]
[EventDate "2007.06.28"]

1. d4 d5 2. c4 c6 {«Ñëàâÿíêà» è Ðóáëåâñêèé - áëèçíåöû áðàòüÿ&ñ¸ñòðû!} 3. Nc3
Nf6 4. e3 e6 5. Nf3 a6 6. b3 Bb4 7. Bd2 Nbd7 8. Bd3 O-O 9. O-O Bd6 10. e4 ({
Â ïàðòèè ïðåäûäóùåãî òóðà Ýëüÿíîâ ïðîäîëæàë ïðîòèâ Ñåðãåÿ} 10. Qc2 h6 11. Ne2
Re8 12. Ng3 c5 13. Bc3 b6 14. Ne5 Bb7 15. f4 {, è ïîøëà ïîòåõà...}) 10... dxc4
11. bxc4 e5 12. c5 Bc7 13. Na4 exd4 14. Bg5 {Ðåäêîå ïðîäîëæåíèå.} ({Ãàððè Êèìîâè÷
ñâîåé ïîáåäîé íàä Áîðèñîì Ãåëüôàíäîì óêàçàë íàðîäàì äðóãîé ïóòü ê
ñ÷àñòüþ:} 14. h3 Re8 15. Re1 h6 16. Rb1 Nh7 (16... Nf8 17. Rb4 N6d7 18. Qc2
Qf6 19. Nxd4 Ba5 20. Nf5 Bxb4 21. Bxb4 Ne5 22. Nd6 Rd8 23. Nb6 Rb8 24. Re3 Be6
25. Bc3 Nfg6 26. Bf1 Qg5 27. Rg3 Qh5 28. Be2 Qh4 29. Nf5 Qf6 30. Nc4 Bxc4 31.
Bxc4 Re8 32. Qc1 b5 33. Bb3 b4 34. Bb2 Qd8 35. Bxe5 {
1-0 Van Wely,L (2676) - Bacrot,E (2705)/Germany 2006}) 17. Bc4 Qf6 18. Rb3 Nhf8
19. Bc1 Ng6 20. Nxd4 Nde5 21. Bf1 Rd8 22. Bb2 Nh4 23. Ree3 Qg5 24. g3 Nhg6 25.
Qc2 h5 26. Bg2 h4 27. f4 Nxf4 28. gxf4 Qxf4 29. Nb6 Ng4 30. hxg4 Bxg4 31. Nxa8
Qh2+ 32. Kf1 Bg3 33. Rxg3 hxg3 34. Qd3 Bh3 35. Qxg3 Qh1+ 36. Kf2 Bxg2 37. Qxg2
Qh4+ 38. Ke2 {
1-0 Kasparov,G (2800)-Gelfand,B (2700)/Linares 1991/CBM 022/[Anand]}) 14... Re8
15. Re1 Rb8 $146 {«Àíòèñëàâÿíñêàÿ» èäåÿ ;)} ({«Îáû÷íîå» ìåñòî äëÿ
ôåðçåâîé ëàäüè çäåñü íà à7, êàê áûëî, íàïðèìåð â ñëåäóþùåé ïàðòèè} 15... h6
16. Bh4 Ne5 17. Nxe5 Bxe5 18. Nb6 Ra7 19. Nc4 Qc7 20. Nxe5 Qxe5 21. Rc1 Qh5 22.
Bg3 Qxd1 23. Rcxd1 Be6 24. Bb1 Nd7 25. Rc1 Rc8 26. f4 f6 27. Bf2 b6 28. cxb6
Rb7 29. Red1 Rxb6 30. Bxd4 c5 31. Be3 Rc7 32. Rd2 a5 33. Bc2 Rb4 34. a3 Rb2 35.
Ba4 Rxd2 36. Bxd2 c4 37. Bb5 a4 38. Bb4 Nb6 39. Kf2 f5 40. Ke3 fxe4 41. Kxe4
Bd5+ 42. Kd4 Bxg2 43. Ba5 Rb7 44. Bxb6 Rxb6 45. Kc5 Rf6 46. Bxa4 Rf5+ 47. Kb4
Rxf4 48. Rxc4 g5 49. Kc5 Rxc4+ 50. Kxc4 g4 51. Kd4 h5 52. Kc3 h4 53. Kd2 Bd5
54. Bd7 g3 55. hxg3 hxg3 56. Ke3 Kf7 {
(1/2 Kraemer,M (2424) - Doric,D (2482)/Szeged HUN 2007).}) {À åñëè ñåðü¸çíî,
òî ïðåäûäóùèé õîä ÷¸ðíûõ - î÷åíü õîðîøàÿ, «öåííàÿ» íîâèíêà.} 16. Bc2 h6 ({
Íàâåðíîå, ñëåäóåò ñêàçàòü, ÷òî «çàñëóæèâàåò âíèìàíèÿ»} 16... d3 17. Qxd3
$140 (17. Bxd3 $143 Ne5 18. Bc2 Qe7) 17... Ne5 {è ò.ä.}) 17. Bh4 Nf8 18. Qxd4 (
{Ñìîòðèì îñòðîå} 18. e5 g5 $1 19. exf6 Rxe1+ $1 (19... gxh4 $4 20. Rxe8 Qxe8
21. Qd2 $1 $18 {, òî åñòü:} Ng6 22. Qxh6 Qf8 23. Qh5 Qd8 24. Re1 Bd7 25. Re7 $1
) 20. Qxe1 gxh4 21. Qe7 Be6 22. Re1 Bf4 {- àòàêè áåëûõ ÷òî-òî íå âèäàòü.})
18... Bg4 19. Bg3 (19. Bxf6 $142 $1 Qxf6 (19... gxf6 20. Qe3 $36) 20. Qxf6 gxf6
21. Nh4 $11) 19... Ne6 {Êàê ìíå êàæåòñÿ, íåòî÷íîñòü.} ({Ìîæíî áûëî ëîâêî
ïðåîáðàçîâàòü ïðåèìóùåñòâî äâóõ ñëîíîâ â íå÷òî áîëåå îñÿçàåìîå -} 19... Bxg3
20. hxg3 Bxf3 $1 21. Qxd8 Rbxd8 22. gxf3 Ne6 (22... Rd2 $5 23. Bb3 Ne6 24. Red1
Red8) 23. Bb3 ({ïëîõî} 23. Red1 $2 Nd4 $1 {Ñóïåðâèëêà!} 24. Bb3 Nxf3+ 25. Kg2
Nd2 $17) 23... Nd4 24. Kg2 Nxb3 25. axb3 Rd3 {
, è ÷¸ðíûå «íåìíîæêî» âòîðãàþòñÿ...}) 20. Qxd8 (20. Qe3 $142 $5 {Rybka})
20... Rbxd8 21. Ne5 Rd2 {Èòîãè äåáþòà (ìîæåò áûòü, ïðàâäà, è ïîçäíîâàòî),
ñëåäóåò ïðèçíàòü áëåñòÿùèìè äëÿ ÷¸ðíûõ! Ñòåíêà ×åáàíåíêî, êàê âûðàæàþòñÿ
íåêîòîðûå «ïðîäâèíóòûå» ëè÷íîñòè â Èíòåðíåòå, «ðóëèò»!} 22. Bb3 Bxe5 23.
Bxe5 Nxc5 $1 {Òàê. Âîò è ïåøêà-ÿãîäêà â  ÷¸ðíîå ëóêîøêî óïàëà...} 24. Nxc5
Rxe5 25. Nxb7 {Êîíü-õðàáðåö èëè êîíü-êàìèêàäçå?} (25. Rac1 b6 26. Nxa6) 25...
Bc8 26. f4 $8 Rxe4 27. Rxe4 Nxe4 28. Re1 Bxb7 {
Òåïåðü ñëîí ÷¸ðíûõ, õîòü è âðåìåííî, ñòàíîâèòñÿ âåñüìà òóïîâàòåíüêèì.} ({
Íî áûëî ëè ÷òî-íèáóäü áîëåå ïåðñïåêòèâíîå?} 28... Rd4 $5 {Íåò! -} 29. Nc5 $1 (
{ê ïðèìåðíî òîìó æå, ÷òî è â ïàðòèè ïðèâîäèëî} 29. Nd8 $5 Rxd8 30. Rxe4 Kf8
31. Rc4 Rd6 32. Kf2 {è ò.ä.}) 29... Nxc5 30. Re8+ Kh7 31. Rxc8 Rxf4 32. Rxc6
Nxb3 33. axb3 a5 34. Rc5 Rb4 35. Rxa5 Rxb3 $11) 29. Rxe4 Kf8 30. Rb4 Rd7 31.
Kf2 Ke7 32. Ke3 $6 {Â çíàêå ÿ íå óâåðåí, íî âñ¸ æå åãî òóò ïîñòàâëþ} ({
Îñìîòðèòåëüíîå (ÈÌÕÎ)} 32. g3 {
íå ïîçâîëÿëî ÷¸ðíûì âûêèíóòü ñëåäóþùåå êîëåíöå.}) 32... c5 33. Rb6 Kd8 {
Èíòåðåñíûé ìîìåíò.} ({Ïîñëå} 33... Bxg2 $5 34. Rxa6 Bb7 35. Rb6 {
ïåðåõîä â «ëàäåéíèê»} Bd5 {
(à ýòî, ïî âñåé âèäèìîñòè, ëó÷øåå) ïðèâîäèò ê íè÷åéíîìó ïîëîæåíèþ:} 36. Bxd5
Rxd5 37. a4 Rd6 38. Rb5 (38. Rxd6 $4 Kxd6 39. Ke4 g5 $19) 38... Ra6 (38... Rd5
$2 39. a5 $1) 39. Rxc5 Rxa4 {è ò.ä.}) 34. a4 {
Ñ êàæäûì øàãîì ïåøêè à» å¸ êîëëåãà íà g2 ñòàíîâèòñÿ âñ¸ áîëåå íåâêóñíîé.} Kc7
35. a5 Rd4 36. g3 ({Èãðàòü} 36. Bxf7 {íå íàäî:} Re4+ 37. Kd3 Rxf4 38. Bc4 Bxg2
39. Bxa6 Rh4 {
, è ó ÷¸ðíûõ ïîëó÷àåòñÿ ñëèøêîì óæå ìíîãî ëèøíèõ è ïðîõîäíûõ «øóñòðèêîâ».})
36... f6 37. Bc2 {Èíûõ ïóòåé óñèëåíèÿ ïîçèöèè ÷¸ðíûõ íå âèäíî.} Rd6 38. Rxd6
$1 ({Â ñëó÷àå} 38. Rb1 {ìîæíî íà÷àòü äâèæåíèå ïðîõîäíîé -} c4 {
, ê òîìó æå îòêðûâàåòñÿ ëèíèè áîêîâîãî âîçäåéñòâèÿ íà áåëóþ ñëàáîñòü íà à5.})
38... Kxd6 {À òåïåðü îíè âûèãðûâàþò ïåøêó, îäíàêî...} 39. Bd3 c4 (39... Bc8
40. Bc4 Be6 $2 41. Bxa6) 40. Bxc4 Kc5 41. Bd3 Kb4 42. Kd4 Kxa5 43. Kc5 $1 Bc8 (
43... Ka4 44. Kb6 $11) 44. Bc2 $1 {
×¸ðíûé êîðîëü çàïåðò â êëåòêó! È âûðâàòüñÿ èç íå¸ íå óäà¸òñÿ...} ({
Ñ÷èòàòü óñòàëûìè ìîçãàìè âàðèàíòû ïîñëå} 44. Kc6 Kb4 45. Kc7 Kc3 46. Bf1 Bg4
47. Bxa6 Kd2 {íåò íåîáõîäèìîñòè. Íó, è ÿ íå ñòàë ;) Ïîòîìó, ÷òî òîæå óñòàë})
1/2-1/2